[Event "EU-Cup 31st"]
[Site "Skopje"]
[Date "2015.10.18"]
[Round "1.6"]
[White "Barta, Jozsef"]
[Black "Wiersma, Eelke"]
[Result "0-1"]
[WhiteElo "2157"]
[BlackElo "2343"]
[PlyCount "80"]
[EventDate "2015.10.18"]
[EventType "team-swiss"]
[EventRounds "7"]
[EventCountry "MKD"]
[SourceTitle "CBM 169"]
[Source "ChessBase"]
[SourceDate "2015.11.10"]
[SourceVersion "1"]
[SourceVersionDate "2015.11.10"]
[SourceQuality "1"]
[WhiteTeam "Bonnevoie Gambit"]
[BlackTeam "Leiden LSG"]
[WhiteTeamCountry "LUX"]
[BlackTeamCountry "NED"]

1. e4 c5 2. Nf3 Nc6 3. Bb5 g6 4. Bxc6 bxc6 5. 0-0 Bg7 6. Re1 Rb8 7. c3 Nf6 8. d4 cxd4 9. cxd4 0-0 10. Nc3 d6 11. h3 Nd7 12. b3 c5 13. Bb2 Bb7 14. Na4 Bc6 15. dxc5 Bxb2 16. Nxb2 Nxc5 17. e5 Bxf3 18. Qxf3 d5 19. Qe3 Qa5 20. Nd3 Nxd3 21. Qxd3 e6 22. Rec1 Rfc8 23. Rc2 Rc5 24. Rxc5 Qxc5 25. Re1 Rc8 26. Re2 Qc1+ 27. Kh2 Qf1 28. Qd2 h5 29. Re1 Rc2 30. Qxc2 Qxe1 31. Qb2 Qe4 32. Qc3 d4 33. Qc7 Qd5 34. Qc8+ Kg7 35. f4 d3 36. Qc1 d2 37. Qd1 Qd4 38. Kh1 Qe3 39. Kh2 Qe1 40. Qf3 d1Q 0-1

[Event "EU-ch 13th"]
[Site "Plovdiv"]
[Date "2012.03.28"]
[Round "8"]
[White "Balla, Tamas Kristof"]
[Black "Barta, Jozsef"]
[Result "1-0"]
[WhiteElo "2369"]
[BlackElo "2148"]
[PlyCount "73"]
[EventDate "2012.03.20"]
[EventType "swiss"]
[EventRounds "11"]
[EventCountry "BUL"]
[SourceTitle "CBM 148"]
[Source "ChessBase"]
[SourceDate "2012.05.16"]
[SourceVersion "1"]
[SourceVersionDate "2012.05.16"]
[SourceQuality "1"]

1. f4 e5 2. fxe5 d6 3. Nf3 dxe5 4. e4 Nf6 5. Nc3 Bg4 6. Bc4 Bxf3 7. Qxf3 c6 8. d3 Qb6 9. Bb3 Nbd7 10. Be3 Bc5 11. Na4 Qa5+ 12. Bd2 Qc7 13. g4 h6 14. h4 Be7 15. g5 hxg5 16. hxg5 Rxh1+ 17. Qxh1 Ng8 18. Qh7 0-0-0 19. Bxf7 b5 20. Nc3 Qb6 21. 0-0-0 b4 22. Nb1 Nc5 23. Bxg8 Nxd3+ 24. cxd3 Rxd3 25. Qf5+ Kb8 26. Qxe5+ Bd6 27. Qe8+ Kb7 28. Qd7+ Kb8 29. Be6 Qc5+ 30. Nc3 a5 31. Rh1 Rf3 32. Rh8+ Bf8 33. Bf4+ Rxf4 34. Qd8+ Ka7 35. Qc7+ Ka8 36. Qxf4 bxc3 37. Rxf8+ 1-0

[Event "EU-ch 13th"]
[Site "Plovdiv"]
[Date "2012.03.20"]
[Round "1"]
[White "Popov, Valerij"]
[Black "Barta, Jozsef"]
[Result "1-0"]
[WhiteElo "2546"]
[BlackElo "2148"]
[PlyCount "45"]
[EventDate "2012.03.20"]
[EventType "swiss"]
[EventRounds "11"]
[EventCountry "BUL"]
[SourceTitle "CBM 148"]
[Source "ChessBase"]
[SourceDate "2012.05.16"]
[SourceVersion "1"]
[SourceVersionDate "2012.05.16"]
[SourceQuality "1"]

1. Nf3 d5 2. c4 c6 3. e3 Nf6 4. Nc3 e6 5. b3 Nbd7 6. Qc2 b6 7. cxd5 Nxd5 8. Bb2 Nb4 9. Qb1 c5 10. a3 Nc6 11. d4 cxd4 12. exd4 Nf6 13. Bb5 Bd7 14. d5 exd5 15. 0-0 Be7 16. Nxd5 Kf8 17. Rd1 Rc8 18. Ba6 Rb8 19. Be5 Nxe5 20. Nxe5 Bc8 21. Nxf6 Qxd1+ 22. Qxd1 Bxf6 23. Qd6+ 1-0

[Event "HUN-chT2 Erkel 0405"]
[Site "Hungary"]
[Date "2005.02.20"]
[Round "8"]
[White "Barta, Jozsef"]
[Black "Havaskori, Laszlo"]
[Result "1-0"]
[WhiteElo "2122"]
[BlackElo "2115"]
[PlyCount "117"]
[EventDate "2004.09.26"]
[EventType "team"]
[EventRounds "11"]
[EventCountry "HUN"]
[SourceTitle "EXT 2009"]
[Source "ChessBase"]
[SourceDate "2008.11.26"]
[SourceVersion "1"]
[SourceVersionDate "2008.11.26"]
[SourceQuality "1"]
[WhiteTeam "Metroepszolg"]
[BlackTeam "Karpati"]
[WhiteTeamCountry "HUN"]
[BlackTeamCountry "HUN"]

1. e4 c5 2. Nf3 d6 3. Bb5+ Bd7 4. Bxd7+ Qxd7 5. d4 cxd4 6. Nxd4 Nc6 7. 0-0 Nf6 8. Re1 e6 9. Nc3 Be7 10. Nxc6 Qxc6 11. Qf3 0-0 12. Bg5 Rfe8 13. Rad1 Rac8 14. Qg3 Nh5 15. Qh4 Bxg5 16. Qxg5 g6 17. Rd3 Qc5 18. e5 f6 19. Qg4 f5 20. Qd4 d5 21. Re2 a6 22. Qh4 Qe7 23. Qxe7 Rxe7 24. g3 Rec7 25. Rdd2 b5 26. a3 Rc4 27. Nd1 f4 28. c3 g5 29. Kg2 Rf8 30. f3 g4 31. Rd3 gxf3+ 32. Rxf3 Re4 33. Ref2 Rxe5 34. g4 Rg5 35. Kh3 Ng7 36. Rxf4 Rxf4 37. Rxf4 h5 38. gxh5 Rxh5+ 39. Kg2 Nf5 40. a4 e5 41. Rg4+ Kf7 42. axb5 axb5 43. Rb4 e4 44. Nf2 Nh4+ 45. Kg3 Nf5+ 46. Kg4 Kg6 47. Kf4 Nd6 48. Ng4 Rh4 49. Rd4 Nc4 50. b3 e3 51. Kg3 e2 52. Kf2 Na5 53. Ne5+ Kh5 54. Rxh4+ Kxh4 55. b4 Nb7 56. Kxe2 Kg5 57. Ke3 Kf5 58. Kd4 Ke6 59. Nd3 1-0

[Event "HUN-chT2 Erkel 0405"]
[Site "Hungary"]
[Date "2005.02.06"]
[Round "7"]
[White "Mullner, Imre"]
[Black "Barta, Jozsef"]
[Result "1-0"]
[WhiteElo "2252"]
[BlackElo "2122"]
[PlyCount "107"]
[EventDate "2004.09.26"]
[EventType "team"]
[EventRounds "11"]
[EventCountry "HUN"]
[SourceTitle "EXT 2009"]
[Source "ChessBase"]
[SourceDate "2008.11.26"]
[SourceVersion "1"]
[SourceVersionDate "2008.11.26"]
[SourceQuality "1"]
[WhiteTeam "Statisztika II"]
[BlackTeam "Metroepszolg"]
[WhiteTeamCountry "HUN"]
[BlackTeamCountry "HUN"]

1. e4 e5 2. Nf3 Nf6 3. Nc3 Bb4 4. Be2 Nc6 5. Nd5 d6 6. Nxb4 Nxb4 7. c3 Nc6 8. Qc2 Bg4 9. h3 Bh5 10. d3 h6 11. g4 Bg6 12. Nh4 Ne7 13. Be3 h5 14. 0-0-0 Qd7 15. g5 Nh7 16. Nxg6 fxg6 17. Qb3 0-0-0 18. h4 Kb8 19. Bf1 Nc8 20. Bh3 Qe7 21. Rhf1 Nf8 22. f4 Nd7 23. f5 gxf5 24. Rxf5 Rdf8 25. Rdf1 Rxf5 26. Rxf5 Rf8 27. Rxf8 Nxf8 28. Qg8 g6 29. Qh8 Nb6 30. Qf6 Qe8 31. Qh8 Qe7 32. b3 Nc8 33. d4 b6 34. Qf6 Qe8 35. d5 Ne7 36. c4 Nd7 37. Qe6 Nf8 38. Qf6 Nd7 39. Qg7 Qf8 40. Qxf8+ Nxf8 41. b4 c5 42. bxc5 bxc5 43. Bd2 Nc8 44. Ba5 Nb6 45. Bxb6 axb6 46. Kb2 Kc7 47. Kb3 Nd7 48. Bxd7 Kxd7 49. Ka4 Kc7 50. Kb5 Kb7 51. a3 Ka7 52. Kc6 Ka6 53. Kxd6 b5 54. Kxc5 1-0

[Event "HUN-chT2 Erkel 0405"]
[Site "Hungary"]
[Date "2004.12.19"]
[Round "6"]
[White "Barta, Jozsef"]
[Black "Kelemen, Gyorgy"]
[Result "1-0"]
[WhiteElo "2122"]
[BlackElo "2156"]
[PlyCount "89"]
[EventDate "2004.09.26"]
[EventType "team"]
[EventRounds "11"]
[EventCountry "HUN"]
[SourceTitle "EXT 2009"]
[Source "ChessBase"]
[SourceDate "2008.11.26"]
[SourceVersion "1"]
[SourceVersionDate "2008.11.26"]
[SourceQuality "1"]
[WhiteTeam "Metroepszolg"]
[BlackTeam "Mezokovesd"]
[WhiteTeamCountry "HUN"]
[BlackTeamCountry "HUN"]

1. e4 c5 2. Nf3 Nc6 3. Bb5 g6 4. 0-0 Bg7 5. c3 a6 6. Bxc6 dxc6 7. d4 cxd4 8. Nxd4 e5 9. Nb3 Qc7 10. Be3 Nf6 11. N1d2 0-0 12. a4 a5 13. Qc2 b6 14. Rfd1 Ba6 15. c4 Ng4 16. Nf1 c5 17. h3 Nf6 18. Bg5 Bb7 19. Bxf6 Bxf6 20. Ne3 Rad8 21. Rxd8 Rxd8 22. Nd5 Bxd5 23. cxd5 Bg5 24. Nd2 Bxd2 25. Qxd2 Kg7 26. Qc3 g5 27. Qc4 Rd6 28. Ra3 Qd7 29. Rf3 f6 30. b3 Kg6 31. Qa6 Qc7 32. Qe2 h6 33. h4 gxh4 34. Rf5 Kh7 35. Qh5 Qd7 36. Kh2 Qe7 37. Qxh4 Qg7 38. Qh5 Qd7 39. Rf3 Qe7 40. Rg3 Qf8 41. Qf5+ Kh8 42. Rg6 b5 43. axb5 a4 44. bxa4 c4 45. Rg3 1-0

[Event "HUN-chT2 Erkel 0405"]
[Site "Hungary"]
[Date "2004.09.26"]
[Round "1"]
[White "Barta, Jozsef"]
[Black "Veres, Istvan"]
[Result "1-0"]
[WhiteElo "2122"]
[BlackElo "2098"]
[PlyCount "79"]
[EventDate "2004.09.26"]
[EventType "team"]
[EventRounds "11"]
[EventCountry "HUN"]
[SourceTitle "EXT 2009"]
[Source "ChessBase"]
[SourceDate "2008.11.26"]
[SourceVersion "1"]
[SourceVersionDate "2008.11.26"]
[SourceQuality "1"]
[WhiteTeam "Metroepszolg"]
[BlackTeam "Vaci"]
[WhiteTeamCountry "HUN"]
[BlackTeamCountry "HUN"]

1. e4 c5 2. b3 Nc6 3. Bb2 d6 4. Nf3 e5 5. Bc4 Be7 6. h3 h6 7. 0-0 Nf6 8. Qe2 0-0 9. c3 a6 10. d4 Qc7 11. Bd5 Bd7 12. Nbd2 Rac8 13. Rac1 Nd8 14. Nc4 Bb5 15. a4 Bxc4 16. Bxc4 Nd7 17. Rfd1 Ne6 18. Bxe6 fxe6 19. dxe5 Nxe5 20. Nxe5 dxe5 21. c4 Bg5 22. Rc3 Rf7 23. Rcd3 Rcf8 24. f3 Bf4 25. Bc3 h5 26. Be1 Re7 27. Bf2 Qb6 28. Qc2 Rff7 29. Rd6 Qc7 30. Qd3 Bg5 31. b4 b6 32. a5 bxa5 33. Bxc5 axb4 34. Rd8+ Kh7 35. Bxe7 Bxe7 36. Rd7 Qc5+ 37. Kh1 a5 38. Rb7 a4 39. Qd7 Qxc4 40. Qe8 1-0

[Event "HUN-chT2 Maroczy 0304"]
[Site "Hungary"]
[Date "2003.11.16"]
[Round "3"]
[White "Racz, Zoltan"]
[Black "Barta, Jozsef"]
[Result "1-0"]
[WhiteElo "2253"]
[BlackElo "2139"]
[PlyCount "51"]
[EventDate "2003.09.28"]
[EventType "team"]
[EventRounds "11"]
[EventCountry "HUN"]
[SourceTitle "EXT 2005"]
[Source "ChessBase"]
[SourceDate "2004.11.15"]
[SourceVersion "1"]
[SourceVersionDate "2004.11.15"]
[SourceQuality "1"]

1. e4 e5 2. Nf3 Nf6 3. Nxe5 d6 4. Nf3 Nxe4 5. d4 d5 6. Bd3 Be7 7. 0-0 Bg4 8. Re1 Nc6 9. c3 f5 10. Nbd2 0-0 11. Qb3 Nxd2 12. Nxd2 Rb8 13. Nf1 Na5 14. Qc2 h6 15. h3 Bh5 16. Ng3 Bg6 17. Bxf5 Bxf5 18. Nxf5 Bd6 19. Nxh6+ gxh6 20. Qg6+ Kh8 21. Qxh6+ Kg8 22. Re6 Nc6 23. Qg6+ Kh8 24. Qh5+ Kg8 25. Rg6+ Kf7 26. Rxd6+ 1-0

[Event "HUN-chT2 0102"]
[Site "Hungary"]
[Date "2002.04.07"]
[Round "10"]
[White "Imecs, Laszlo"]
[Black "Barta, Jozsef"]
[Result "0-1"]
[WhiteElo "2189"]
[BlackElo "2133"]
[PlyCount "94"]
[EventDate "2001.??.??"]
[EventType "team"]
[EventRounds "11"]
[EventCountry "HUN"]
[SourceTitle "EXT 2004"]
[Source "ChessBase"]
[SourceDate "2003.11.25"]
[SourceVersion "1"]
[SourceVersionDate "2003.11.25"]
[SourceQuality "1"]

1. e4 c5 2. Nf3 Nc6 3. d4 cxd4 4. Nxd4 e5 5. Nb5 d6 6. a4 a6 7. N5a3 Nf6 8. Nc3 Be6 9. Bc4 Rc8 10. Bg5 Nd4 11. Bxf6 Qxf6 12. Qd3 Qg6 13. 0-0 Bg4 14. f4 f6 15. h3 Bd7 16. Nd5 f5 17. Nb6 fxe4 18. Qe3 Nf5 19. Qxe4 Bc6 20. Bd5 Bxd5 21. Qxd5 Rc6 22. Nac4 Ne7 23. Qd1 Nc8 24. f5 Qf7 25. a5 Rxc4 26. Nxc4 Qxc4 27. Kh1 Be7 28. Ra3 0-0 29. Rc3 Qb5 30. Rc7 d5 31. f6 Bxf6 32. c4 Qxa5 33. Rxf6 Qxc7 34. Qxd5+ Rf7 35. Rxf7 Qxf7 36. Qxe5 h6 37. c5 Qd7 38. Qe4 Ne7 39. Qc4+ Qd5 40. Qb4 Ng6 41. Qg4 Kh7 42. b4 Qf7 43. Qe2 Qf4 44. Qe1 Qe5 45. Qd2 Qe4 46. Kg1 Nf4 47. Kh1 Nxh3 0-1

[Event "HUN-chT2 0102"]
[Site "Hungary"]
[Date "2002.01.27"]
[Round "6"]
[White "Barta, Jozsef"]
[Black "Kis, Jozsef"]
[Result "1/2-1/2"]
[WhiteElo "2133"]
[BlackElo "2155"]
[PlyCount "98"]
[EventDate "2001.??.??"]
[EventType "team"]
[EventRounds "11"]
[EventCountry "HUN"]
[SourceTitle "EXT 2004"]
[Source "ChessBase"]
[SourceDate "2003.11.25"]
[SourceVersion "1"]
[SourceVersionDate "2003.11.25"]
[SourceQuality "1"]

1. e4 g6 2. d4 Bg7 3. Bc4 d6 4. Nf3 Nf6 5. e5 dxe5 6. Nxe5 0-0 7. c3 Nbd7 8. f4 c5 9. Qb3 e6 10. Be3 Nb6 11. dxc5 Nbd5 12. Bd4 Nxf4 13. 0-0 N6d5 14. Bxd5 Nxd5 15. Na3 f6 16. Nf3 Qc7 17. Nb5 Qc6 18. Bf2 e5 19. Rad1 Be6 20. c4 Nf4 21. Rd6 Qe4 22. Na3 Qf5 23. Be3 Rfe8 24. Bxf4 exf4 25. Rd3 Qxc5+ 26. Kh1 Rac8 27. Rc1 b5 28. Qxb5 Qxb5 29. Nxb5 Rxc4 30. Re1 Rc2 31. Nbd4 Rxb2 32. Rxe6 Rb1+ 33. Ng1 Rd8 34. Re7 Bf8 35. Rc7 Bd6 36. Rc4 Be5 37. h4 h5 38. Rd2 g5 39. hxg5 fxg5 40. Ndf3 Rxd2 41. Nxd2 Rd1 42. Ndf3 Bd6 43. Rd4 Rxd4 44. Nxd4 Kf7 45. Nge2 Kg6 46. Kg1 g4 47. Kf1 Kg5 48. Ne6+ Kf5 49. N6d4+ Ke4 1/2-1/2

[Event "HUN-chT2 9899"]
[Site "Hungary"]
[Date "1999.??.??"]
[Round "?"]
[White "Barta, Jozsef"]
[Black "Molnar, Jozsef"]
[Result "1-0"]
[WhiteElo "2150"]
[BlackElo "2165"]
[PlyCount "99"]
[EventDate "1998.??.??"]
[EventType "team"]
[EventRounds "12"]
[EventCountry "HUN"]
[SourceTitle "EXT 2000"]
[Source "ChessBase"]
[SourceDate "1999.11.16"]
[SourceVersion "1"]
[SourceVersionDate "1999.11.16"]
[SourceQuality "1"]

1. e4 e6 2. d4 d5 3. Nc3 Nf6 4. Bg5 Be7 5. Bxf6 Bxf6 6. e5 Be7 7. Nf3 c5 8. Bd3 Nc6 9. dxc5 Bxc5 10. 0-0 a6 11. a3 Qc7 12. Re1 b5 13. Qd2 Be7 14. Qf4 Na5 15. Ng5 Bxg5 16. Qxg5 g6 17. Qf6 0-0 18. h4 Qd8 19. Qf4 f5 20. exf6 Qxf6 21. Qg3 Nc4 22. Bxc4 bxc4 23. Re5 Ra7 24. Rae1 Raf7 25. f3 Qd8 26. Qf2 Rf5 27. b4 cxb3 28. cxb3 Qa5 29. Na4 Rxe5 30. Rxe5 Qc7 31. Qe3 Qd6 32. Nc5 Rf6 33. b4 Kf7 34. h5 Rf5 35. hxg6+ hxg6 36. Rxf5+ exf5 37. Qd4 Be6 38. Qh8 a5 39. Nd3 axb4 40. axb4 d4 41. Ne5+ Ke7 42. Nxg6+ Kd7 43. Nf8+ Ke7 44. Nxe6 Kxe6 45. Qh6+ Kd5 46. Qxd6+ Kxd6 47. g4 Kd5 48. Kf2 fxg4 49. fxg4 Ke4 50. Ke2 1-0

[Event "IECG CP.1998.P.00050"]
[Site "IECG email"]
[Date "1998.10.01"]
[Round "?"]
[White "Barta, Jozsef"]
[Black "Gajic, Zoran"]
[Result "1/2-1/2"]
[WhiteElo "2220"]
[BlackElo "2034"]
[PlyCount "33"]
[EventDate "1998.10.01"]
[EventType "tourn (corr)"]
[EventRounds "6"]
[EventCountry "ITA"]
[SourceTitle "Corr 2008"]
[Source "ChessBase"]
[SourceDate "2008.06.24"]
[SourceVersion "1"]
[SourceVersionDate "2008.06.24"]
[SourceQuality "1"]

1. e4 Nf6 2. e5 Nd5 3. d4 d6 4. Nf3 g6 5. Bc4 Nb6 6. Bb3 Nc6 7. Qe2 Bg7 8. a4 dxe5 9. dxe5 0-0 10. a5 Nd5 11. 0-0 e6 12. Rd1 Qe7 13. Bg5 Qc5 14. Nbd2 Nd4 15. Nxd4 Qxd4 16. Nc4 Qc5 17. Qf3 1/2-1/2

[Event "IECG CP.1998.P.00050"]
[Site "IECG email"]
[Date "1998.10.01"]
[Round "?"]
[White "Barta, Jozsef"]
[Black "Ward, George"]
[Result "1-0"]
[WhiteElo "2220"]
[BlackElo "1700"]
[PlyCount "33"]
[EventDate "1998.10.01"]
[EventType "tourn (corr)"]
[EventRounds "6"]
[EventCountry "ITA"]
[SourceTitle "Corr 2008"]
[Source "ChessBase"]
[SourceDate "2008.06.24"]
[SourceVersion "1"]
[SourceVersionDate "2008.06.24"]
[SourceQuality "1"]

1. e4 b6 2. d4 Bb7 3. Nc3 e6 4. f3 c5 5. d5 exd5 6. Nxd5 Nf6 7. Bc4 Nc6 8. Bf4 Nxd5 9. Qxd5 Qf6 10. Rd1 Qe6 11. Qd2 Qe7 12. Ne2 0-0-0 13. Nc3 Nb4 14. Nb5 d5 15. Nxa7+ Kd7 16. Bb5+ Nc6 17. Qxd5+ 1-0

[Event "IECG QM.1998.0.00009 email"]
[Site "IECG email"]
[Date "1998.??.??"]
[Round "?"]
[White "Barta, Jozsef"]
[Black "Coltharp, Cameron"]
[Result "0-1"]
[WhiteElo "2220"]
[BlackElo "2300"]
[PlyCount "68"]
[EventDate "1998.09.07"]
[EventType "tourn (corr)"]
[EventRounds "6"]
[SourceTitle "Corr 2024"]
[Source "ChessBase"]
[SourceDate "2023.10.19"]
[SourceVersion "1"]
[SourceVersionDate "2023.10.19"]
[SourceQuality "1"]

1. e4 g6 2. d4 d6 3. c4 e5 4. dxe5 dxe5 5. Qxd8+ Kxd8 6. Nc3 Nd7 7. Be3 Ngf6 8. f3 Bc5 9. Bxc5 Nxc5 10. Rd1+ Ke7 11. Nd5+ Nxd5 12. Rxd5 b6 13. b4 Ne6 14. Rd2 Bb7 15. Ne2 Rhd8 16. Nc3 c6 17. Rxd8 Rxd8 18. Be2 Nf4 19. Rg1 Nd3+ 20. Bxd3 Rxd3 21. Nb1 Rd4 22. a3 Rxc4 23. Kd2 f5 24. exf5 gxf5 25. Re1 Ke6 26. Nc3 Rd4+ 27. Kc2 Ba6 28. Re3 Rh4 29. Ne2 f4 30. Re4 Rxh2 31. Nxf4+ Kf5 32. Nd3 Rxg2+ 33. Kc3 Bxd3 34. Kxd3 Ra2 0-1

[Event "IECG email"]
[Site "IECG email"]
[Date "1998.??.??"]
[Round "?"]
[White "Bourquin, Pascal"]
[Black "Barta, Jozsef"]
[Result "1-0"]
[WhiteElo "2230"]
[BlackElo "2090"]
[PlyCount "47"]
[EventDate "1998.??.??"]
[EventType "tourn (corr)"]
[EventRounds "6"]
[SourceTitle "Corr 2004"]
[Source "ChessBase"]
[SourceDate "2003.04.28"]
[SourceVersion "3"]
[SourceVersionDate "2003.04.28"]
[SourceQuality "1"]

1. e4 e5 2. Nc3 Nf6 3. Bc4 Nxe4 4. Qh5 Nd6 5. Bb3 Nc6 6. Nb5 g6 7. Qf3 f5 8. Qd5 Qe7 9. Nxc7+ Kd8 10. Nxa8 b6 11. Nxb6 axb6 12. d3 Bb7 13. h4 f4 14. Qf3 Nd4 15. Qg4 e4 16. Kd1 exd3 17. cxd3 Nxb3 18. axb3 Bh6 19. Bxf4 Bxf4 20. Qxf4 Qe6 21. Nf3 Qxb3+ 22. Kc1 Kc7 23. Nd2 Qxd3 24. Rh3 1-0

[Event "HUN-chT2"]
[Site "Hungary"]
[Date "1997.??.??"]
[Round "9"]
[White "Barta, Jozsef"]
[Black "Kiss, Istvan"]
[Result "1/2-1/2"]
[WhiteElo "2235"]
[BlackElo "2265"]
[PlyCount "62"]
[EventDate "1997.??.??"]
[EventType "team-swiss"]
[EventRounds "13"]
[EventCountry "HUN"]
[SourceTitle "EXT 2006"]
[Source "ChessBase"]
[SourceDate "2005.11.24"]
[SourceVersion "1"]
[SourceVersionDate "2005.11.24"]
[SourceQuality "1"]

1. d4 f5 2. c4 Nf6 3. Nc3 e6 4. g3 c6 5. Bg5 d5 6. Bxf6 Qxf6 7. e3 Bd6 8. f4 b6 9. cxd5 cxd5 10. Nf3 0-0 11. Nb5 Qe7 12. Nxd6 Qxd6 13. Rc1 Nd7 14. Bd3 Bb7 15. Qd2 Rac8 16. Ke2 h6 17. Rxc8 Rxc8 18. Rc1 Rxc1 19. Qxc1 Qc6 20. Qxc6 Bxc6 21. Ne5 Nxe5 22. dxe5 Kf7 23. Kd2 Ke7 24. Kc3 Kd7 25. Ba6 Kc7 26. Kb4 Bd7 27. a4 Bc6 28. a5 Bd7 29. Bb5 Bc6 30. axb6+ axb6 31. Be2 Be8 1/2-1/2

[Event "Szolnok"]
[Site "Szolnok"]
[Date "1997.??.??"]
[Round "5"]
[White "Barta, Jozsef"]
[Black "Lazar, Janos"]
[Result "0-1"]
[WhiteElo "2235"]
[BlackElo "2245"]
[PlyCount "126"]
[EventDate "1997.??.??"]
[EventType "tourn"]
[EventRounds "7"]
[EventCountry "HUN"]
[SourceTitle "EXT 2001"]
[Source "ChessBase"]
[SourceDate "2000.11.22"]
[SourceVersion "1"]
[SourceVersionDate "2000.11.22"]
[SourceQuality "1"]

1. e4 e5 2. Nc3 Bc5 3. Nf3 d6 4. Na4 Nd7 5. Nxc5 Nxc5 6. d3 f5 7. b4 fxe4 8. bxc5 exf3 9. Qxf3 Nf6 10. cxd6 cxd6 11. Be2 0-0 12. 0-0 Qb6 13. Qe3 Qxe3 14. fxe3 Bg4 15. Bxg4 Nxg4 16. Rxf8+ Kxf8 17. h3 Nf6 18. Ba3 Ke7 19. c4 b6 20. Kf2 Rf8 21. Ke2 Nh5 22. Rg1 Ng3+ 23. Ke1 e4 24. d4 Rf5 25. Bb4 a5 26. Ba3 g6 27. Bc1 Rf8 28. Ba3 Rf5 29. Bc1 Rf8 30. Ba3 Ke6 31. c5 dxc5 32. dxc5 b5 33. Bb2 Kd5 34. Bd4 b4 35. Bg7 Rf7 36. Bh6 Kxc5 37. Bf4 Nh5 38. Bb8 Rb7 39. Be5 Kd5 40. Bh2 b3 41. axb3 Rxb3 42. Kd2 a4 43. Rd1 Rd3+ 44. Kc2 Rxd1 45. Kxd1 Nf6 46. Kc2 Kc4 47. Be5 Nd5 48. Bd4 Nb4+ 49. Kb2 Kd3 50. g4 Nc2 51. Bc5 Nxe3 52. Ka3 Nc2+ 53. Kxa4 e3 54. h4 e2 55. Bf2 e1Q 56. Bxe1 Nxe1 57. Kb4 h5 58. gxh5 gxh5 59. Kc5 Ke4 60. Kc4 Nf3 61. Kc3 Nxh4 62. Kd2 Kf3 63. Ke1 Kg2 0-1